Die Bergpredigt
| Main Author: | |
|---|---|
| Format: | Print Book |
| Language: | German |
| Subito Delivery Service: | Order now. |
| Check availability: | HBZ Gateway |
| WorldCat: | WorldCat |
| Interlibrary Loan: | Interlibrary Loan for the Fachinformationsdienste (Specialized Information Services in Germany) |
| Published: |
München
Kaiser
1965
|
| In: |
Theologische Existenz heute (N.F., 105)
Year: 1965 |
| Edition: | 6. Aufl. |
| Series/Journal: | Theologische Existenz heute
N.F., 105 |
| Standardized Subjects / Keyword chains: | B
Bergpredigt
|
| Further subjects: | B
Sermon on the Mount
B Bergpredigt |
MARC
| LEADER | 00000cam a2200000 c 4500 | ||
|---|---|---|---|
| 001 | 1125935456 | ||
| 003 | DE-627 | ||
| 005 | 20240329081958.0 | ||
| 007 | tu | ||
| 008 | 961202s1965 gw ||||| 00| ||ger c | ||
| 035 | |a (DE-627)1125935456 | ||
| 035 | |a (DE-576)055935451 | ||
| 035 | |a (DE-599)BSZ055935451 | ||
| 035 | |a (OCoLC)265861076 | ||
| 035 | |a (DE-604)8031017878 | ||
| 040 | |a DE-627 |b ger |c DE-627 |e rakwb | ||
| 041 | |a ger | ||
| 044 | |c XA-DE | ||
| 084 | |a BC 4830 |2 rvk |0 (DE-625)rvk/9460: | ||
| 100 | 1 | |0 (DE-588)118622439 |0 (DE-627)079411185 |0 (DE-576)163312818 |4 aut |a Thurneysen, Eduard |d 1888-1974 | |
| 109 | |a Thurneysen, Eduard 1888-1974 |a Thurneysen, Eduard II 1888-1974 |a Thurneysen, Ed. 1888-1974 |a Thurneysen, E. 1888-1974 |a Thurneysen, Ernst Eduard 1888-1974 |a Thurneisen, Eduard 1888-1974 |a Tōrunaizen, E. 1888-1974 |a Turunaizen 1888-1974 | ||
| 245 | 1 | 4 | |a Die Bergpredigt |c Eduard Thurneysen |
| 250 | |a 6. Aufl. | ||
| 264 | 1 | |a München |b Kaiser |c 1965 | |
| 300 | |a 43 S. | ||
| 336 | |a Text |b txt |2 rdacontent | ||
| 337 | |a ohne Hilfsmittel zu benutzen |b n |2 rdamedia | ||
| 338 | |a Band |b nc |2 rdacarrier | ||
| 490 | 1 | |a Theologische Existenz heute |v N.F., 105 | |
| 583 | 1 | |a Archivierung prüfen |c 20240324 |f DE-4165 |z 1 |2 pdager | |
| 650 | 4 | |a Bergpredigt | |
| 650 | 4 | |a Sermon on the Mount | |
| 689 | 0 | 0 | |d u |0 (DE-588)4005687-9 |0 (DE-627)106380249 |0 (DE-576)208862331 |a Bergpredigt |2 gnd |
| 689 | 0 | |5 (DE-627) | |
| 830 | 0 | |a Theologische Existenz heute |v N.F., 105 |9 1105.1965 |w (DE-627)130135135 |w (DE-576)015672727 |w (DE-600)510816-0 |x 3053-2930 |7 am | |
| 889 | |w (DE-627)212709305 | ||
| 935 | |a mteo | ||
| 935 | |i mdedup | ||
| 936 | r | v | |a BC 4830 |b Matthäus-Evangelium |k Theologie und Religionswissenschaften |k Bibelwissenschaft |k Bibeltexte, Bibelkommentare und Abhandlungen |k Bibelkommentare |k Neutestamentliche Bücher |k Evangelien |k Synoptiker |k Matthäus-Evangelium |0 (DE-627)1270821776 |0 (DE-625)rvk/9460: |0 (DE-576)200821776 |
| 951 | |a BO | ||
| BIB | |a 1 | ||
| BIR | |a 01005000_01007999,03006020_03006049 |b biblesearch | ||
| ELC | |b 1 | ||
| ORI | |a SA-MARC-ixtheo_oa001.raw | ||
| SUB | |a BIB | ||
| SYE | 0 | 0 | |a Feldrede,Bibel,Lukasevangelium,6,20-49,Bibel,Matthäusevangelium,5-7 |
| SYG | 0 | 0 | |a Feldrede,Bibel,Lukasevangelium,6,20-49,Bibel,Matthäusevangelium,5-7 |